000 00322nam a22001337a 4500
008 170320b xxu||||| |||| 00| 0 eng d
020 _a0316467014
041 _aeng
080 _a616.8
100 _a7
101 _ashm
245 _aCLINICAL MANAGEMENT OF NEUROGENIC COMMUNICATIVE DISORDERS
_cHAYNES, S
942 _2udc
_cBK
999 _c8093
_d8093